000 01067nam a22003137i 4500
003 EG-GICUC
005 20260121101551.0
008 251230s1987 fr ||||fr|||| 001 0 fre d
020 _a2254880501
040 _aEG-GiCUC
_bfre
_cEG-GiCUC
_dEG-GiCUC
_eRda
041 _afre
082 0 4 _221
_a341.3
_bDR . D
092 0 4 _221
099 _aLaw1 11 341.3 DR . D 3 ed - 1987
100 1 _aDreyfus, Simone
_eAuteur
245 1 0 _aDroit Des Relations Internationales :
_bÉléments De Droit International Public /
_cSimone Dreyfus
250 _aTroisième édition
_bRevue et augmentee
264 1 _aParis :
_bCujas,
_c1987.
300 _a490 pages ;
_c24 cm.
336 _2rda contenu
_a texte
337 _2rda medias
_aOrdinateur
338 _2 transporteur rda
_a Ressource en ligne
504 _aIncludes bibliographical references and indexes.
546 _aTexte en français
650 1 4 _aRelations internationales
_xDroit international public
856 4 0 _uhttps://fll.law.cu.edu.eg/fulltext/bks/B11-06587.pdf
905 _a75
942 _2ddc
_cBK
_e21
_n0
999 _c53225
_d53225